Trudy i dni Lavinii, monakhini iz Ordena Obrezanii︠a︡ Serdt︠s︡a : ot Rozhdestva do Paskhi /

Bibliographic Details
Main Author: Shvart︠s︡, Elena
Format: Book
Language:Russian
Published: Ann Arbor, Mich. : Ardis, [1987]

MARC

Tag First Indicator Second Indicator Subfields
LEADER 00000cam a2200000 a 4500
001 in00000030983
005 20151007054923.0
008 861125s1987 miu 00010 ruso
010 |a  86032044  
020 |a 0875010415 (pbk.) 
020 |a 0875010407 (hard : alk. paper) 
035 |a (OCoLC)14964491 
035 |9 AAB6655AM 
040 |a DLC  |c DLC  |d TXA  |d UtOrBLW 
049 |a TXAM  |c [A11060719] 
050 0 0 |a PG3487.V33  |b T78 1987 
082 0 |a 891.71/44  |2 19 
100 1 |a Shvart︠s︡, Elena. 
245 1 0 |a Trudy i dni Lavinii, monakhini iz Ordena Obrezanii︠a︡ Serdt︠s︡a :  |b ot Rozhdestva do Paskhi /  |c Elena Shvart︠s︡. 
264 1 |a Ann Arbor, Mich. :  |b Ardis,  |c [1987] 
264 4 |c ©1987 
300 |a 99 pages ;  |c 20 cm. 
336 |a text  |b txt  |2 rdacontent 
337 |a unmediated  |b n  |2 rdamedia 
338 |a volume  |b nc  |2 rdacarrier 
500 |a Spine title: Trudy i dni Lavinii. 
740 0 |a Trudy i dni Lavinii. 
999 |a MARS 
999 f f |s 2959261e-a6c3-3c21-b5fb-34de85a46076  |i 58edc937-8b08-32b8-83fd-81c325b02a32  |t 0 
952 f f |p ric  |a Texas A&M University  |b Rellis Campus  |c Joint Library Facility  |s JLF  |d Remote Storage  |t 0  |e PG3487.V33 T78 1987  |h Library of Congress classification  |i unmediated -- volume  |m A14811060719 
998 f f |a PG3487.V33 T78 1987  |t 0  |l Remote Storage